| 000 | 00658nam a2200241Ia 4500 | ||
|---|---|---|---|
| 001 | 18223 | ||
| 003 | GE_BSU | ||
| 008 | 181216s||||||||xx |||||||||||||| ||und|| | ||
| 020 | _a978-0194384360 | ||
| 040 | _cGE_BSU | ||
| 080 | _a811.111 | ||
| 100 | _aOxenden Clive, Christina Latham-Koenig, Paul Seligson | ||
| 245 | _aNew English File, Pre-Intermediate | ||
| 245 | _bWorkbook | ||
| 260 | _aOxford | ||
| 260 | _bOxford ,University Press | ||
| 260 | _c2005 | ||
| 300 | _a79p;28cm. | ||
| 541 | _h60gel. | ||
| 653 | _aNew English File, Pre-Intermediate | ||
| 653 | _aინგლისური ენა (გრამატიკა) | ||
| 942 | _cBK | ||
| 999 |
_c51261 _d51261 |
||